Science Quiz

Random Science or Nintendo Quiz

Chest Guidelines Update Quiz Stats

 Plays Quiz not verified by Sporcle

Challenge
Share
Tweet
Embed
Score 0/20 Timer 15:00
0 Plays Today
Guideline New, Old or BS % Correct
????
83.3%
????
83.3%
????
66.7%
????
66.7%
????
66.7%
????
66.7%
????
66.7%
????
58.3%
????
58.3%
????
50%
Guideline New, Old or BS % Correct
????
50%
????
50%
????
50%
????
41.7%
????
41.7%
????
41.7%
????
33.3%
????
25%
????
16.7%
????
8.3%

You're not logged in!

Compare scores with friends on all Sporcle quizzes.
Join for Free
OR
Log In

You Might Also Like...

Show Comments

Extras

Top Quizzes Today


Score Distribution

Your Account Isn't Verified!

In order to create a playlist on Sporcle, you need to verify the email address you used during registration. Go to your Sporcle Settings to finish the process.

Report this User

Report this user for behavior that violates our Community Guidelines.

Details: